Iniciación a la lectoescritura : teoría y práctica /

Guardado en:
Autor Principal: Borzone De Manrique, Ana M.
Otros Autores: Gramigna, Susana
Formato: Libro
Publicado: Buenos Aires : El Ateneo, 1987
Materias:
Etiquetas: Agregar Etiqueta
Sin Etiquetas, Sea el primero en etiquetar este registro!
LEADER 00736nam a22002295a 4500
001 CEM.cems007572
005 20060214000000.0
008 130507s1987##################000#0#####d
003 CEMS
082 0 4 |a 372.21 
100 1 |a Borzone De Manrique, Ana M. 
245 1 0 |a Iniciación a la lectoescritura :  |b teoría y práctica / 
260 |a Buenos Aires :  |b El Ateneo,  |c 1987 
300 |a 140 p. 
505 0 |a Parte I; Fundamentos te¢ricos. Parte II: Ejercicios de preparaci¢n lingu¡stica. 
653 |a C. basico 1994 
653 |a Educacion 
653 |a Educacion preescolar 
653 |a Lectoescritura 
653 |a Lectoescritura inicial 
700 1 |a Gramigna, Susana 
859 |a CEMS  |b BIB. CEMS - 11 de abril  |h 372.21  |i B649  |p 17695.94  |t Ej.1